000 00451nam a2200181Ia 4500
001 19798
005 20260306172719.0
008 260306t2013||||xx |||||||||||||| ||spa||
041 _aESP
082 _a341.1
_bK42
100 _aKeown, John
_eAUT
245 0 _aReason, morality, and law:
_bthe philosophy of John Finnis
260 _c2013
300 _axii, 615 páginas :
_c25 cm.
650 _aGEN
654 _aCDE
942 _cLIB
_dJUS
_fJUS
_2ddc
_n
999 _c19798
_d19798